01081nam a22002297a 450000500170000001000150001702000270003203500130005903700130007208200170008524502010010226000310030327000550033430000340038950000220042352002050044565000470065065000420069765000390073965000380077870000350081620140423102334.0 aENG-109358 a9788172736248c2500.00 aEN-92891 bDBAD/PUB a307.14120954 aHealth and development :cedited by F. X. Lovelina Little Flower ; editorial committee, A. Sethuramasubbiah, R. Baskar, R. Arjunan.boccupational hazards, food security and community development / aDelhibAuthorspress c2012 aE-35/103, Jawahar Park Laxmi Nagar bDelhie110092 axviii,309p. :c24cm(Hb)bill. a Includes index. aPapers presented at the National Conference on Health and Development--a Social Work Perspective, organized by Dept. of Social Work, Bharathiar University on Oct. 13-14, 2011; with reference to India. a Community developmentzIndiavCongresses. aSocial service z India vCongresses. aMedical carez India vCongresses. aFood securityzIndiavCongresses. a Flower, F. X. Lovelina Little